Cost Accounting, Planning & Control (Record no. 34503)
[ view plain ]
| 000 -LEADER | |
|---|---|
| fixed length control field | 00384nam a2200145Ia 4500 |
| 008 - FIXED-LENGTH DATA ELEMENTS--GENERAL INFORMATION | |
| fixed length control field | 231019s9999 xx 000 0 und d |
| 020 ## - INTERNATIONAL STANDARD BOOK NUMBER | |
| ISBN | 0-1234561356-2 |
| 082 ## - DEWEY DECIMAL CLASSIFICATION NUMBER | |
| Classification number | 657.42 |
| Item number | MAT-C |
| 100 ## - MAIN ENTRY--AUTHOR | |
| Author Name | Adolph Matz & Milton F. Usry |
| 245 #0 - TITLE STATEMENT | |
| Title | Cost Accounting, Planning & Control |
| 260 ## - PUBLICATION, DISTRIBUTION, ETC. | |
| Place of Publication | USA |
| Name of publisher, distributor, etc. | South western Publishing |
| Date of publication, distribution, etc. | 2020 |
| 300 ## - PHYSICAL DESCRIPTION | |
| Pages | 880 |
| 650 ## - SUBJECT ADDED ENTRY--TOPICAL TERM | |
| Subject / Department | Accounting |
| 952 ## - LOCATION AND ITEM INFORMATION (KOHA) | |
| -- | 0 |
| -- | 0 |
| Lost status | Damaged status | Permanent Location | Current Location | Date acquired | Full Call Number | Accession No./Barcode | Date last seen | item type |
|---|---|---|---|---|---|---|---|---|
| Superior Information Resource Center (SIRC) Superior University - City Campus | Superior Information Resource Center (SIRC) Superior University - City Campus | 10/19/2023 | 657.42 MAT-C | 28052 | 10/19/2023 | BOOK |
